Stavebné sporenie zákon Slovenskej národnej rady č. 310/1992 Zb. o stavebnom sporení ...
Úplné znenie zákona SNR č. 310/1992 Zb. o stavebnom sporení v znení zákona NR SR č. 386/1996 Z.z. a zákona NR SR č. 242/1999 Z.z.
Guardado en:
| Formato: | Capítulo de libro |
|---|---|
| Lenguaje: | eslovaco |
| Materias: | |
| Etiquetas: |
Sin Etiquetas, Sea el primero en etiquetar este registro!
|
MARC
| LEADER | 00000naa a2200000 4500 | ||
|---|---|---|---|
| 001 | r037072 | ||
| 005 | 20230919090332.6 | ||
| 041 | 0 | |a slo | |
| 044 | |a SK | ||
| 245 | 1 | 0 | |a Stavebné sporenie |b zákon Slovenskej národnej rady č. 310/1992 Zb. o stavebnom sporení ... |
| 520 | |a Úplné znenie zákona SNR č. 310/1992 Zb. o stavebnom sporení v znení zákona NR SR č. 386/1996 Z.z. a zákona NR SR č. 242/1999 Z.z. | ||
| 610 | 2 | 0 | |a sporenie stavebné |
| 610 | 2 | 0 | |a sporiteľne stavebné |
| 610 | 2 | 0 | |a zákony |
| 610 | 2 | 0 | |a Slovensko |
| 610 | 2 | 0 | |a novelizácia |
| 610 | 2 | 0 | |a 1992-1999 |